Функции учета фондов в автоматизированных информационных системах; Библиотечное дело - XXI век; № 1

Podrobná bibliografie
Parent link:Библиотечное дело - XXI век: приложение к журналу "Библиотековедение".— , 2002-
№ 1.— 2003.— С. 159-164
Hlavní autor: Лавренова О. А. Ольга Александровна
Jazyk:ruština
Vydáno: 2003
Edice:Теория и практика: точки пересечения
Témata:
Médium: Kapitola
KOHA link:https://koha.lib.tpu.ru/cgi-bin/koha/opac-detail.pl?biblionumber=396618

MARC

LEADER 00000naa2a2200000 4500
001 396618
005 20231101064804.0
035 |a (RuTPU)RU\TPU\prd\34927 
035 |a RU\TPU\prd\34926 
090 |a 396618 
100 |a 20050414a2003 k y0rusy50 ca 
101 0 |a rus 
102 |a RU 
200 1 |a Функции учета фондов в автоматизированных информационных системах  |f О. А. Лавренова 
225 1 |a Теория и практика: точки пересечения  |i Учет библиотечных фондов 
461 0 |0 (RuTPU)RU\TPU\prd\7961  |t Библиотечное дело - XXI век  |o приложение к журналу "Библиотековедение"  |o научно-практический сборник  |d 2002- 
463 0 |0 (RuTPU)RU\TPU\prd\19967  |t № 1  |v С. 159-164  |d 2003 
610 1 |a библиотечные фонды 
610 1 |a учет 
610 1 |a автоматизированные информационные системы 
610 1 |a форматы MARC 21 
610 1 |a автоматизированный учет 
700 1 |a Лавренова  |b О. А.  |g Ольга Александровна 
801 1 |a RU  |b 63413507  |c 20050414  |g PSBO 
801 2 |a RU  |b 63413507  |c 20060616  |g PSBO 
942 |c BK